Le démineur - Statistiques

Statistiques générales
  • Ce quiz a été pris 1 012 fois
  • Le résultat moyen est 23 sur 33
Answers on the Grid
Answers color-coded by a green-red scale on the quiz's grid according to % correct below.
O
O
X
X
X
O
X
O
O
O
X
X
O
X
O
O
O
O
X
O
X
X
O
O
O
X
O
X
O
O
O
X
O
X
O
O
O
X
X
O
O
O
O
X
O
X
O
O
X
O
X
O
X
X
O
 
Statistiques - réponses
Réponse % Correct
O
83%
O
82%
O
81%
O
80%
O
74%
O
73%
O
73%
O
73%
O
71%
O
71%
O
71%
O
71%
O
70%
O
70%
O
69%
O
68%
O
68%
O
67%
O
67%
O
66%
O
66%
O
66%
O
66%
O
65%
O
63%
O
63%
O
63%
O
62%
O
62%
O
62%
O
61%
O
60%
O
60%
Aucun quiz correspondant
Distribution des résultats
% des personnes avec chaque résultat
Percentile par nombre de réponses
Votre historique - résultats
Vous n’avez pas pris ce quiz